A strategy to train local elders to nurture new converts at Emmasdale Seventh-day Adventist Church Midlands West Zambia Conference / (Record no. 25119)
[ view plain ]
| 000 -LEADER | |
|---|---|
| fixed length control field | 00811nam a22002177a 4500 |
| 003 - CONTROL NUMBER IDENTIFIER | |
| control field | AUA.1 |
| 005 - DATE AND TIME OF LATEST TRANSACTION | |
| control field | 20251028165932.0 |
| 008 - FIXED-LENGTH DATA ELEMENTS--GENERAL INFORMATION | |
| fixed length control field | 250701b |||||||| |||| 00| 0 eng d |
| 040 ## - CATALOGING SOURCE | |
| Transcribing agency | JTL |
| 100 ## - MAIN ENTRY--PERSONAL NAME | |
| Personal name | Manjimela, Evans K. |
| 245 ## - TITLE STATEMENT | |
| Title | A strategy to train local elders to nurture new converts at Emmasdale Seventh-day Adventist Church Midlands West Zambia Conference / |
| Statement of responsibility, etc | Evans K. Manjimela. |
| 260 ## - PUBLICATION, DISTRIBUTION, ETC. (IMPRINT) | |
| Date of publication, distribution, etc | c2024 |
| 300 ## - PHYSICAL DESCRIPTION | |
| Extent | x, 89 leaves : |
| Other physical details | Illustrations : |
| Dimensions | 30 cm. |
| 610 ## - SUBJECT ADDED ENTRY--CORPORATE NAME | |
| Corporate name or jurisdiction name as entry element | Seventh-day Adventist Church : |
| Subordinate unit | Midlands West Zambia Conference |
| 650 ## - SUBJECT ADDED ENTRY--TOPICAL TERM | |
| Topical term or geographic name as entry element | Elders (Church officers) |
| 650 ## - SUBJECT ADDED ENTRY--TOPICAL TERM | |
| Topical term or geographic name as entry element | Christian converts |
| 650 ## - SUBJECT ADDED ENTRY--TOPICAL TERM | |
| Topical term or geographic name as entry element | Seventh-Day Adventist converts |
| 650 ## - SUBJECT ADDED ENTRY--TOPICAL TERM | |
| Topical term or geographic name as entry element | Church members, New |
| 650 ## - SUBJECT ADDED ENTRY--TOPICAL TERM | |
| Topical term or geographic name as entry element | Church work with new church members |
| 942 ## - ADDED ENTRY ELEMENTS (KOHA) | |
| Source of classification or shelving scheme | AUA Inhouse Classification |
| Koha item type | Project |
| Classification part | MDiv |
| Item part | .M36 2024 |
| Withdrawn status | Lost status | Source of classification or shelving scheme | Damaged status | Not for loan | Collection code | Home library | Current library | Shelving location | Date acquired | Source of acquisition | Cost, normal purchase price | Serial Enumeration / chronology | Total Checkouts | Full call number | Barcode | Date last seen | Cost, replacement price | Price effective from | Koha item type |
|---|---|---|---|---|---|---|---|---|---|---|---|---|---|---|---|---|---|---|---|
| Library of Congress Classification | JTL Research Collection | Judith Thomas Library | Judith Thomas Library | Judith Thomas Library Research Section | 01/07/2025 | Theological Seminary | 25.00 | AUA27919 | MDiv .M36 2024 | AUA27919 | 01/07/2025 | 25.00 | 01/07/2025 | Project |